000 00854nam a22001817a 4500
005 20231206122310.0
010 _aHIN-126454
020 _a9789386784537
_c295.00
035 _aHN-98800
037 _bDBAD/PUB
082 _a
100 _aचावला,जसबीर
_959565
245 _aपाली जातक कथाओ में बुध्द्कीय प्रबंधन/
_cजसबीर चावला
260 _aकानपूर
_bसाहित्य रत्नाकर
_c2021
270 _a'रामालय ' प्रथम तल म.न. 15 , सिद्धार्थ नगर, गूवा गार्डन कल्याणपुर
_bकानपूर
_e208 016
_k08960421760
300 _a 143पृ.;
_c23 सेमी (सजिल्द )
942 _2ddc
_cHN
_h
_mचावला
999 _c199479
_d199479